| 000 | 00511cam a2200193ua 4500 | ||
|---|---|---|---|
| 020 |
_a0-87692-663-4 _c125.00 |
||
| 041 |
_aeng _h |
||
| 082 |
_a670 _bLIN/PR |
||
| 100 | _aLindberg, Roy A . | ||
| 245 |
_aProcesses and materials of manufacture / _cRoy A Lindberg. _hTextual Documents |
||
| 250 |
_a4 / _b. |
||
| 260 |
_aNew Delhi : _bPrentice Hall of India Pvt Ltd. , _c1990. |
||
| 300 | _a864 ; . | ||
| 365 | _a125.00 | ||
| 504 | _a | ||
| 942 | _cBK | ||
| 999 |
_c7426 _d7426 |
||